00319 a2200109 4500001001000000005001700010008004100027245006000068100001900128773004500147999001700192ART_3304920260410161926.0260409a 10aEficacia en los mercados de futuros sobre hidrocarburos1 aAbriata, Bruno0 tLecturasg- NÂș 13 (ene. 2009)wREV19328 c28182d28182